MARC

LEADER 00000nam0a2200000 4500
001 324819
005 20231102003714.0
035 |a (RuTPU)RU\TPU\book\350430 
035 |a RU\TPU\book\275159 
090 |a 324819 
100 |a 20161122d1977 km y0rusy5003 ca 
101 0 |a rus 
102 |a RU 
105 |a a z 001zy 
200 1 |a Упрочнение и восстановление деталей машин электромеханической обработкой  |f Б. М. Аскинази 
205 |a 2-е изд., перераб. и доп. 
210 |a Москва  |c Машиностроение  |d 1977 
215 |a 184 с.  |c ил. 
320 |a Библиогр.: с. 180-183 (77 назв.) 
606 1 |a Технология металлов  |2 stltpush  |3 (RuTPU)RU\TPU\subj\60152  |9 77641 
610 1 |a электромеханическая обработка 
610 1 |a металлы 
610 1 |a детали машин 
610 1 |a упрочнение 
610 1 |a восстановление 
610 1 |a эксплуатационные свойства 
610 1 |a оборудование 
610 1 |a металлопокрытия 
610 1 |a порошки 
675 |a 621.7/.9  |z rus  |v 4 
700 1 |a Аскинази  |b Б. М.  |g Борис Моисеевич  |4 070 
801 0 |a RU  |b 63413507  |c 19950417  |g psbo 
801 1 |a RU  |b 63413507  |c 20140305 
801 2 |a RU  |b 63413507  |c 20171204  |g RCR 
942 |c BK